000 00977nam a2200253 a 4500
003 CBULib
005 20240411071918.0
008 210907s2020 ||||||||||||||||| || u
020 _a9789211129786
040 _aCBULib
_bEnglish
_cCBULib
_erda
041 _aeng
050 _aUNCTAD(05)2020/27/1
110 _aUnited Nations Conference on Trade and Development (UNCTAD)
245 1 0 _aTransnational corporations : investment and development : volume 27 2020 number 1
_c/ by United Nations Conference on Trade and Development(UNCTAD)
260 _aGeneva :
_bUnited Nations,
_c2020.
300 _avii, 148 pages : illustrations
336 _2rdacontent
_aText |
_btxt
337 _2rdamedia
_aUnmediated |
_bn
338 _2rdacarrier
_aVolume
_bnc
650 _aINTERNATIONAL BUSINESS ENTERPRISE --DEVELOPING COUNTRIES
650 _aINTERNATIONAL BUSINESS ENTERPRISE--PERIODICALS
942 _2mc
_c029
999 _c60340
_d60340